<?xml version="1.0" encoding="UTF-8"?><?xml-stylesheet type="text/xsl" href="static/style.xsl"?><OAI-PMH xmlns="http://www.openarchives.org/OAI/2.0/" xmlns:xsi="http://www.w3.org/2001/XMLSchema-instance" xsi:schemaLocation="http://www.openarchives.org/OAI/2.0/ http://www.openarchives.org/OAI/2.0/OAI-PMH.xsd"><responseDate>2026-04-29T13:17:03Z</responseDate><request verb="GetRecord" identifier="oai:riubu.ubu.es:10259/10123" metadataPrefix="marc">https://riubu.ubu.es/oai/request</request><GetRecord><record><header><identifier>oai:riubu.ubu.es:10259/10123</identifier><datestamp>2025-02-01T01:05:25Z</datestamp><setSpec>com_10259_6688</setSpec><setSpec>com_10259_5086</setSpec><setSpec>com_10259_2604</setSpec><setSpec>col_10259_6689</setSpec></header><metadata><record xmlns="http://www.loc.gov/MARC21/slim" xmlns:doc="http://www.lyncode.com/xoai" xmlns:xsi="http://www.w3.org/2001/XMLSchema-instance" xmlns:dcterms="http://purl.org/dc/terms/" xsi:schemaLocation="http://www.loc.gov/MARC21/slim http://www.loc.gov/standards/marcxml/schema/MARC21slim.xsd">
<leader>00925njm 22002777a 4500</leader>
<datafield tag="042" ind1=" " ind2=" ">
<subfield code="a">dc</subfield>
</datafield>
<datafield tag="720" ind1=" " ind2=" ">
<subfield code="a">Reoyo Pascual, José Felipe</subfield>
<subfield code="e">author</subfield>
</datafield>
<datafield tag="720" ind1=" " ind2=" ">
<subfield code="a">Eldabe Mikhail, Adel</subfield>
<subfield code="e">author</subfield>
</datafield>
<datafield tag="720" ind1=" " ind2=" ">
<subfield code="a">Bayona García, Inés</subfield>
<subfield code="e">author</subfield>
</datafield>
<datafield tag="720" ind1=" " ind2=" ">
<subfield code="a">Seco Gil, Juan Luis</subfield>
<subfield code="e">author</subfield>
</datafield>
<datafield tag="260" ind1=" " ind2=" ">
<subfield code="c">2011</subfield>
</datafield>
<datafield tag="520" ind1=" " ind2=" ">
<subfield code="a">La trombosis portoesplénica (TPE) tras la esplenectomía, es una complicación de incidencia incierta, acompañada de importante morbimortalidad. Habitualmente presenta una clínica inespecífica, por lo que se hace imperativa una sospecha diagnóstica temprana, sobre todo en los casos que presenten factores de riesgo, que permita instaurar un tratamiento precoz y efectivo que consiga la buena evolución del paciente.</subfield>
</datafield>
<datafield tag="024" ind2=" " ind1="8">
<subfield code="a">0009-739X</subfield>
</datafield>
<datafield tag="024" ind2=" " ind1="8">
<subfield code="a">http://hdl.handle.net/10259/10123</subfield>
</datafield>
<datafield tag="024" ind2=" " ind1="8">
<subfield code="a">10.1016/j.ciresp.2010.11.008</subfield>
</datafield>
<datafield tag="245" ind1="0" ind2="0">
<subfield code="a">Trombosis portoesplénica tras esplenectomía laparoscópica</subfield>
</datafield>
</record></metadata></record></GetRecord></OAI-PMH>